Statystyki dla grupy etniczne w Europie

Kliknij tutaj aby rozwiązać quiz!

Ogólne statystyki

  • Ten quiz został rozwiązany 14 razy
  • Średni wynik to 5 z 16

Statystyki odpowiedzi

grupa
etniczna
% Poprawnych
Anglosasi
67%
Bałtowie
67%
Skandynawowie
67%
Bałkańczycy
33%
Europejczycy z Europy
Zachodniej
33%
Europejczycy z Europy
Północnej
33%
Europejczycy z Europy
Wschodniej
33%
Finowie
33%
Iberyjczycy
33%
Irlandczycy
33%
Szkoci
33%
Walijczycy
33%
Włosi
33%
Aszkenazyjczycy
0%
Grecy
0%
Sardyńczycy
0%

Rozkład punktacji

Percentyl według liczby udzielonych odpowiedzi

Procent ludzi z każdym wynikiem

Twoja historia wyników

Nie rozwiązałeś tego quizu